1420 1681 1943 1446 1630 1967 1821 1985 1382 1700 1701 1524 1143 1288 1090 1376 1222 1481 1297 1850 1990 1748 1568 1321 1616 1287 1517 1778 1259 1407 1551 1861 1841 1939 1267 1065 1605 1066 1545 1122 1408 1478 1220 1585 1321 1830 1776 1645 1031 1754 1372 1555 1632 1148 1008 1337 1680 1341 1070 1380 1919 1264 1901 1310 1493 1230 1883 1841 1407 1690 1259 1832 1843 1839 1099 1304 1429 1712 1478 1262 1086 1835 1278 1482 1664 1100 1200 1862 1105 1956 1919 1222 1829 1679 1957 1276 1435 1010 1787 BCNSPRNW ULIB Ver.6.0+V

เปลี่ยนเป็นภาษาไทย

Change to English
 แสดงรายละเอียดบรรณานุกรม
  กลับหน้าหลัก

Brief Record : Get Marc (ISO 2709) : E-mail record : QR code < ปิดหน้าต่าง
LEADER : 00000nam 2200000uu 4500
001    13399127157
003     ULIB
008    191018s2562||||th 000 0 tha d
020 ^- ^a9786160036202
050 ^- ^aนว.^bต258ณ
100 0^ aตะวัน.
245 10 ^aณ จุดเกิดรัก /^cตะวัน.
250 ^- ^aพิมพ์ครั้งที่ 1.
260 ^- ^aกรุงเทพฯ :^bบริษัทสถาพรบุ๊คส์ จำกัด,^c2562
300 ^- ^a487 หน้า.
945    ^p340^l0^i006344
999    ^aประนอม เกษจรัล
รายการนี้ยังไม่มีแท็ก
คุณยังไม่ได้ล็อกอิน คุณสามารถมีกิจกรรมร่วมกับเว็บไซต์ได้ แต่ต้องล็อกอินก่อน ::
  ล็อกอิน

รายการสื่อสารสนเทศ

ลำดับที่ ประเภท เลขเรียก/บาร์โค้ด สถานที่ สถานะ
1. นวนิยาย
นวนิยาย
นว. ต258ณ ฉ.1 
  Barcode: 006344
ห้องสมุดวิทยาเขตนครสวรรค์
►นวนิยาย:l:Fiction
บนชั้น

รายการใกล้เคียง
    ผู้แต่ง [aตะวัน.]

BibComment


ยังไม่เคยถูกคอมเมนท์

คอมเมนท์ทรัพยากรรายการนี้
  คอมเมนท์: ณ จุดเกิดรัก ตะ..


 Copyright 2026. Bcnsprnw @Library